000 00330nam a2200121Ia 4500
008 151001s9999||||xx |||||||||||||| ||und||
100 _aH. Martineau
245 _aFeats on the Fiord
250 _a1
260 _bg.bell & sons
300 _a158
365 _b7
999 _c949830
_d949827